00926nam a2200253 a 450000100100000000500170001000800410002702000150006804000250008308200210010810000330012924000320016224500910019426000410028530000210032649000340034753400410038170000500042283000420047291000070051404900090052195201250053099900170065500002099520200930011216.0100827s1993 sp 000 f spa d a8401492041 aDO-SdBNPbspacBNPHU a813.54bG696añ1 aGould, Judith,d1945-91115710aThe Texas years.lEspañol14aLos años de Texas /cJudith Gould ; traducción de María Buxó-Dulce Montesinos. aBarcelona :bPlaza & Janés,c1993. a478 p. ;c18 cm.1 aJet de Plaza & Janésv205/2 aTítulo original :tThe Texas years1 aBuxó-Dulce Montesinos, María,etr.943944 0aJet de Plaza & Janés,v205/2929408 aWM aBNGR 001054708MOaGRbGRcHDd2010-08-27iLF1l0o813.54 G696añp20995-10r2020-06-25w2020-06-25y4ZPréstamo en sala c20498d20498